【軌間別】東西南北端の駅 - Statistics

General Stats
  • This quiz has been taken 37 times
  • The average score is 9 of 16
Answer Stats
Answer % Correct
根室
100%
稚内
100%
西大山
97%
たびら平戸口
88%
新函館北斗
84%
八戸
75%
高尾山口
63%
阿下喜
53%
内部
53%
橋本(京王)
50%
谷山(鹿児島市電)
41%
宇奈月
41%
欅平
34%
赤迫
28%
湯の川
22%
五稜郭公園前
16%
No matching quizzes found
Score Distribution
Percent of People with Each Score
Percentile by Number Answered
Your Score History
You have not taken this quiz